Normal view MARC view
  • JANDU, UPINDER SINGH AND JAND, DR. SARITA

Entry Personal Name

Number of records used in: 1

001 - CONTROL NUMBER

  • control field: 8914

003 - CONTROL NUMBER IDENTIFIER

  • control field: JRU

005 - DATE AND TIME OF LATEST TRANSACTION

  • control field: 20260331121828.0

008 - FIXED-LENGTH DATA ELEMENTS

  • fixed length control field: 260331|| aca||aabn | a|a d

040 ## - CATALOGING SOURCE

  • Original cataloging agency: JRU
  • Transcribing agency: JRU

100 ## - HEADING--PERSONAL NAME

  • Personal name: JANDU, UPINDER SINGH AND JAND, DR. SARITA

670 ## - SOURCE DATA FOUND

  • Source citation: Work cat.: (JRU)9110: JANDU, UPINDER SINGH AND JAND, DR. SARITA , FORENSIC SCIENCE AND LAW